Statistics for 2022 Winter Olympics Medal Table

Click here to take the quiz!

General Stats

  • This quiz has been taken 23,811 times
    (23,773 since last reset)
  • The average score is 16 of 19

Answer Stats

GSBMedalsCountry% Correct
810725United States
99%
6121432Russian Olympic Committee
98%
94215China
97%
481426Canada
96%
1681337Norway
96%
85518Sweden
95%
1210527Germany
94%
36918Japan
93%
2248Finland
92%
57214France
92%
27817Italy
86%
72514Switzerland
83%
77418Austria
82%
2529South Korea
80%
1214Australia
76%
85417Netherlands
74%
2103New Zealand
62%
1023Hungary
51%
2327Slovenia
50%

Score Distribution

Percentile by Number Answered

Percent of People with Each Score

Your Score History

You have not taken this quiz since the last reset